[Event "HUN-chT 2223"]
[Site "Hungary"]
[Date "2023.02.19"]
[Round "6.5"]
[White "Ivanisevic, Ivan"]
[Black "Popovics, Adam"]
[Result "1-0"]
[WhiteElo "2533"]
[BlackElo "2376"]
[PlyCount "121"]
[EventDate "2022.11.20"]
[EventType "team-tourn"]
[EventRounds "9"]
[EventCountry "HUN"]
[SourceTitle "CBM 213 Extra"]
[Source "ChessBase"]
[SourceDate "2023.05.31"]
[SourceVersion "1"]
[SourceVersionDate "2023.05.31"]
[SourceQuality "1"]
[WhiteTeam "Aquaprofit"]
[BlackTeam "Dunaharaszti"]
[WhiteTeamCountry "HUN"]
[BlackTeamCountry "HUN"]

1. d4 Nf6 2. c4 e6 3. Nc3 Bb4 4. e3 0-0 5. Nge2 d5 6. a3 Bd6 7. Ng3 c5 8. dxc5 Bxc5 9. cxd5 exd5 10. Bd3 Nc6 11. 0-0 Bg4 12. Nce2 Ne5 13. Bb1 Rc8 14. h3 Bd7 15. Bd2 Re8 16. Bc3 Bd6 17. Nf4 Bc6 18. Ba2 Bb8 19. Ngh5 Ne4 20. Nxd5 Nxc3 21. bxc3 Bxd5 22. Qxd5 Qxd5 23. Bxd5 b6 24. Rfd1 Rxc3 25. Rd4 Bd6 26. a4 Rec8 27. Rad1 Bc5 28. Re4 Rd3 29. Rxd3 Nxd3 30. Bc4 Nb2 31. Bb3 g6 32. Nf4 Rd8 33. g4 Kg7 34. h4 Nd3 35. Kg2 Ne1+ 36. Kg3 Bd6 37. Bc4 Nd3 38. Bxd3 Bxf4+ 39. Kxf4 Rxd3 40. Re7 a5 41. Rb7 Ra3 42. Rxb6 Rxa4+ 43. e4 h6 44. Ra6 Ra3 45. f3 Ra1 46. e5 Ra4+ 47. Kg3 Ra3 48. Ra7 Kf8 49. h5 gxh5 50. gxh5 Ra1 51. Kf4 Rh1 52. Kg4 Kg7 53. f4 a4 54. f5 Rg1+ 55. Kf4 Rf1+ 56. Ke4 Re1+ 57. Kd5 Rd1+ 58. Kc6 Rc1+ 59. Kd6 Rd1+ 60. Ke7 Re1 61. e6 1-0

[Event "HUN-chT 2122"]
[Site "Hungary"]
[Date "2021.10.31"]
[Round "2.7"]
[White "Popovics, Adam"]
[Black "Kovacs, Gabor H"]
[Result "0-1"]
[WhiteElo "2370"]
[BlackElo "2448"]
[PlyCount "82"]
[EventDate "2021.10.10"]
[EventType "team-tourn"]
[EventRounds "9"]
[EventCountry "HUN"]
[SourceTitle "EXT 2023"]
[Source "ChessBase"]
[SourceDate "2022.10.05"]
[SourceVersion "1"]
[SourceVersionDate "2022.10.05"]
[SourceQuality "1"]
[WhiteTeam "Dunaharaszti"]
[BlackTeam "Haladas"]
[WhiteTeamCountry "HUN"]
[BlackTeamCountry "HUN"]

1. d4 d5 2. c4 e6 3. Nc3 Be7 4. cxd5 exd5 5. Bf4 c6 6. e3 Bd6 7. Bxd6 Qxd6 8. Bd3 Nf6 9. h3 0-0 10. Nf3 b6 11. Ne5 Nbd7 12. f4 Bb7 13. g4 c5 14. g5 Ne4 15. Bxe4 dxe4 16. dxc5 Qxd1+ 17. Rxd1 Nxc5 18. b4 Nd3+ 19. Nxd3 exd3 20. Rh2 Rfd8 21. Rb2 Rac8 22. Rb3 f6 23. gxf6 gxf6 24. Ra3 Rc4 25. Rb3 Bf3 26. Rd2 Rd7 27. a3 f5 28. Rf2 Be4 29. Kd2 Rdc7 30. Rf1 Rg7 31. Rf2 Rg3 32. h4 Rh3 33. Rb1 Rxh4 34. Rc1 Kf8 35. Nb5 Rxc1 36. Kxc1 Rh1+ 37. Kd2 Ra1 38. Kc3 Rc1+ 39. Kd4 Rc2 40. Rf1 d2 41. Nc3 Rc1 0-1

[Event "HUN-chT 1920"]
[Site "Hungary"]
[Date "2020.02.16"]
[Round "6.6"]
[White "Kaczur, Florian"]
[Black "Popovics, Adam"]
[Result "0-1"]
[WhiteElo "2464"]
[BlackElo "2365"]
[PlyCount "132"]
[EventDate "2019.11.16"]
[EventType "team-tourn"]
[EventRounds "9"]
[EventCountry "HUN"]
[SourceTitle "CBM 195 Extra"]
[Source "ChessBase"]
[SourceDate "2020.05.31"]
[SourceVersion "1"]
[SourceVersionDate "2020.05.31"]
[SourceQuality "1"]
[WhiteTeam "Paks"]
[BlackTeam "Dunaharaszti"]
[WhiteTeamCountry "HUN"]
[BlackTeamCountry "HUN"]

1. e4 c5 2. Nf3 d6 3. d4 cxd4 4. Nxd4 Nf6 5. Nc3 a6 6. h3 e5 7. Nde2 h5 8. Bg5 Be6 9. Bxf6 Qxf6 10. Nd5 Qd8 11. Nec3 Nd7 12. Bc4 Rc8 13. Bb3 Nc5 14. Qf3 Nxb3 15. cxb3 Be7 16. 0-0 g6 17. Qe3 0-0 18. Qa7 Rb8 19. f4 exf4 20. Rxf4 Bg5 21. Rf3 Qc8 22. b4 Bxd5 23. Nxd5 Qc2 24. Qd4 Rbe8 25. Re1 Re5 26. Rf2 Qc8 27. Nf6+ Kg7 28. Ref1 Qe6 29. Nd5 Kh7 30. Nc3 Kh6 31. Rf3 f6 32. Qf2 h4 33. Qb6 Rf7 34. Rd1 Rd7 35. Rfd3 f5 36. Rxd6 Rxd6 37. Rxd6 Qf7 38. Rd1 fxe4 39. Qd4 Qf4 40. Re1 e3 41. Qxf4 Bxf4 42. Kf1 Bg3 43. Rb1 Rf5+ 44. Ke2 Rf2+ 45. Kxe3 Rxg2 46. Ne4 Rh2 47. Nxg3 Rxh3 48. Rd1 Rxg3+ 49. Kf2 Rg4 50. a3 h3 51. Rh1 Rh4 52. Kg3 Kg5 53. Kh2 Rc4 54. Rg1+ Rg4 55. Rd1 Kh4 56. Rd7 Rg2+ 57. Kh1 Rxb2 58. Rd4+ Kg3 59. Rd3+ Kg4 60. Rd4+ Kf5 61. Rd3 h2 62. Rd7 b5 63. Rd5+ Kf4 64. a4 bxa4 65. Ra5 Kg3 66. Rg5+ Kh3 0-1

[Event "HUN-chT 1920"]
[Site "Hungary"]
[Date "2020.02.02"]
[Round "5.7"]
[White "Bagi, Mate"]
[Black "Popovics, Adam"]
[Result "0-1"]
[WhiteElo "2470"]
[BlackElo "2365"]
[PlyCount "70"]
[EventDate "2019.11.16"]
[EventType "team-tourn"]
[EventRounds "9"]
[EventCountry "HUN"]
[SourceTitle "CBM 194 Extra"]
[Source "ChessBase"]
[SourceDate "2020.03.31"]
[SourceVersion "1"]
[SourceVersionDate "2020.03.31"]
[SourceQuality "1"]
[WhiteTeam "DVTK"]
[BlackTeam "Dunaharaszti"]
[WhiteTeamCountry "HUN"]
[BlackTeamCountry "HUN"]

1. e4 c5 2. Nf3 e6 3. d4 cxd4 4. Nxd4 a6 5. g3 d5 6. Nb3 Nf6 7. exd5 exd5 8. Bg2 Bg4 9. Qd3 Nc6 10. 0-0 Be7 11. Nc3 Nb4 12. Qd2 Bf5 13. Nd4 Bg6 14. a3 Nc6 15. Nce2 0-0 16. Qd1 Re8 17. c3 Be4 18. Bh3 Bc5 19. b4 Bb6 20. Nxc6 bxc6 21. Nd4 c5 22. bxc5 Bxc5 23. Be3 Qd6 24. a4 Nd7 25. f3 Bg6 26. Re1 Ne5 27. Bg2 Qf6 28. f4 Nd3 29. Bxd5 Nxe1 30. Qxe1 Rad8 31. Bg2 Rxe3 32. Qxe3 Rxd4 33. Qe8+ Bf8 34. Rf1 Rd8 35. Qe3 Rc8 0-1

[Event "HUN-ch rapid"]
[Site "Ajka"]
[Date "2019.07.21"]
[Round "11"]
[White "Farago, Sandor"]
[Black "Popovics, Adam"]
[Result "1/2-1/2"]
[WhiteElo "2210"]
[BlackElo "2365"]
[PlyCount "121"]
[EventDate "2019.07.19"]
[EventType "swiss (rapid)"]
[EventRounds "13"]
[EventCountry "HUN"]
[SourceTitle "CBM 191 Extra"]
[Source "ChessBase"]
[SourceDate "2019.09.30"]
[SourceVersion "1"]
[SourceVersionDate "2019.09.30"]
[SourceQuality "1"]

1. e4 c5 2. Nf3 d6 3. d4 cxd4 4. Nxd4 Nf6 5. Nc3 a6 6. f3 e5 7. Nb3 Be6 8. Be3 Nbd7 9. Qd2 Be7 10. g4 b5 11. g5 b4 12. Na4 Nh5 13. 0-0-0 Qc7 14. Qxb4 d5 15. Qa5 Qxa5 16. Nxa5 d4 17. Bd2 Bxa2 18. Nc6 Bd6 19. Nb4 Be6 20. Nd5 0-0 21. Kb1 f6 22. Bc4 fxg5 23. Bxg5 Kh8 24. Rhf1 h6 25. Bc1 Rf7 26. c3 Raf8 27. Be2 Bh3 28. Rg1 Nc5 29. Nxc5 Bxc5 30. Rg6 Bc8 31. cxd4 Bxd4 32. f4 Nf6 33. fxe5 Bxe5 34. Bd3 Bxh2 35. Rh1 Nxd5 36. exd5 Bf4 37. Bxf4 Rxf4 38. Rhg1 R8f7 39. Rc6 Bb7 40. Rd6 R4f6 41. Rd8+ Rf8 42. Rd7 R6f7 43. Rd6 Re7 44. Bxa6 Bxa6 45. Rxa6 Rd7 46. Rd1 h5 47. d6 h4 48. Ra4 g5 49. Rd5 Rf1+ 50. Kc2 Rf2+ 51. Kc3 Rf3+ 52. Kd2 Rg3 53. Raa5 Kh7 54. Rxg5 Rxd6+ 55. Kc2 Rxg5 56. Rxg5 h3 57. Rg1 h2 58. Rh1 Rh6 59. Kd2 Kg6 60. Ke2 Kf5 61. Kf3 1/2-1/2

[Event "HUN-ch rapid"]
[Site "Ajka"]
[Date "2019.07.21"]
[Round "12"]
[White "Popovics, Adam"]
[Black "Horvath, Tamas4444"]
[Result "1-0"]
[WhiteElo "2365"]
[BlackElo "2079"]
[PlyCount "59"]
[EventDate "2019.07.19"]
[EventType "swiss (rapid)"]
[EventRounds "13"]
[EventCountry "HUN"]
[SourceTitle "CBM 191 Extra"]
[Source "ChessBase"]
[SourceDate "2019.09.30"]
[SourceVersion "1"]
[SourceVersionDate "2019.09.30"]
[SourceQuality "1"]

1. d4 Nf6 2. c4 e6 3. Nc3 Bb4 4. Qc2 c5 5. dxc5 0-0 6. Nf3 Na6 7. g3 Nxc5 8. Bg2 b6 9. 0-0 Bxc3 10. Qxc3 Bb7 11. b4 Nce4 12. Qd4 Qc7 13. Bb2 Rac8 14. Rac1 Rfd8 15. Qd3 Ba6 16. Qe3 Bb7 17. c5 bxc5 18. bxc5 Bd5 19. Ng5 Qc6 20. Nxe4 Nxe4 21. f3 Nxc5 22. Qg5 e5 23. Bxe5 Ne6 24. Qd2 Bc4 25. f4 Qb6+ 26. Kh1 f6 27. Bd6 Qa6 28. Be7 Re8 29. Qxd7 Kh8 30. Bb7 1-0

[Event "Budapest Spring op"]
[Site "Budapest"]
[Date "2019.04.14"]
[Round "6"]
[White "Bhambure, Shantanu"]
[Black "Popovics, Adam"]
[Result "1/2-1/2"]
[WhiteElo "2261"]
[BlackElo "2375"]
[PlyCount "67"]
[EventDate "2019.04.09"]
[EventType "swiss"]
[EventRounds "9"]
[EventCountry "HUN"]
[SourceTitle "CBM 190 Extra"]
[Source "ChessBase"]
[SourceDate "2019.07.15"]
[SourceVersion "1"]
[SourceVersionDate "2019.07.15"]
[SourceQuality "1"]

1. d4 g6 2. c4 Bg7 3. e4 c5 4. d5 d6 5. Nc3 e6 6. h3 Ne7 7. Nf3 0-0 8. Bd3 exd5 9. exd5 Nd7 10. 0-0 Ne5 11. Nxe5 Bxe5 12. Bg5 f6 13. Bd2 Bd7 14. f4 Bd4+ 15. Kh2 f5 16. Ne2 Bf6 17. Bc3 a6 18. Bxf6 Rxf6 19. Nc3 Qf8 20. Re1 Rf7 21. Qb3 Ra7 22. Re3 Qd8 23. Rae1 Kf8 24. Nb1 Ng8 25. Nd2 Re7 26. Rxe7 Nxe7 27. Nf3 h6 28. Qc3 Ng8 29. b4 b6 30. bxc5 bxc5 31. Rb1 Bc8 32. Rb8 Qc7 33. Qb2 Rb7 34. Rxb7 1/2-1/2

[Event "Budapest Spring op"]
[Site "Budapest"]
[Date "2018.04.24"]
[Round "7"]
[White "Zanan, Evgeny"]
[Black "Popovics, Adam"]
[Result "1-0"]
[WhiteElo "2493"]
[BlackElo "2380"]
[PlyCount "121"]
[EventDate "2018.04.18"]
[EventType "swiss"]
[EventRounds "9"]
[EventCountry "HUN"]
[SourceTitle "CBM 184 Extra"]
[Source "ChessBase"]
[SourceDate "2018.06.28"]
[SourceVersion "1"]
[SourceVersionDate "2018.06.28"]
[SourceQuality "1"]

1. d4 Nf6 2. c4 e6 3. Nf3 d5 4. g3 dxc4 5. Bg2 c5 6. 0-0 Nc6 7. dxc5 Qxd1 8. Rxd1 Bxc5 9. Nbd2 c3 10. bxc3 0-0 11. Nb3 Be7 12. c4 Bd7 13. Bb2 Rfd8 14. Nfd4 Rac8 15. Nb5 b6 16. Rac1 a5 17. Nd6 Bxd6 18. Rxd6 a4 19. Rcd1 Be8 20. Rxd8 Nxd8 21. Nd2 Bc6 22. Bd4 Nd7 23. Rb1 Bxg2 24. Kxg2 Rb8 25. Be3 Nc6 26. Ne4 Na5 27. Rb4 Rc8 28. Nd2 Ne5 29. c5 bxc5 30. Rxa4 Nb7 31. f4 Nd7 32. Ra7 Rb8 33. Nc4 Nf6 34. a4 Nd5 35. Bf2 Nd8 36. Rd7 Nc6 37. Rd6 Nd4 38. e3 Nb3 39. e4 Nc3 40. a5 Nxe4 41. Rb6 Rxb6 42. axb6 Nf6 43. Ne5 Na5 44. Bxc5 Nb7 45. Bd4 Kf8 46. Kf3 Ke8 47. Nc4 Ke7 48. Bc3 g6 49. Bxf6+ Kxf6 50. g4 h6 51. h4 g5 52. h5 Kg7 53. Ke4 Kf6 54. Ne5 Nd6+ 55. Kf3 Kg7 56. Nd7 f5 57. fxg5 hxg5 58. Nc5 Nc4 59. b7 Ne5+ 60. Kg2 Nc6 61. Nxe6+ 1-0

[Event "Budapest Spring op"]
[Site "Budapest"]
[Date "2018.04.23"]
[Round "6"]
[White "Popovics, Adam"]
[Black "Milanovic, Danilo"]
[Result "1-0"]
[WhiteElo "2380"]
[BlackElo "2488"]
[PlyCount "73"]
[EventDate "2018.04.18"]
[EventType "swiss"]
[EventRounds "9"]
[EventCountry "HUN"]
[SourceTitle "CBM 184 Extra"]
[Source "ChessBase"]
[SourceDate "2018.06.28"]
[SourceVersion "1"]
[SourceVersionDate "2018.06.28"]
[SourceQuality "1"]

1. d4 Nf6 2. c4 c5 3. d5 b5 4. cxb5 a6 5. bxa6 Bxa6 6. Nc3 Qa5 7. Bd2 Qb6 8. Qb3 Qb4 9. Qc2 d6 10. Nf3 g6 11. g3 Bg7 12. Bg2 0-0 13. 0-0 Nbd7 14. Rab1 Qb7 15. Ne1 Bc4 16. b3 Bxd5 17. Nxd5 Nxd5 18. Nd3 Rac8 19. Nf4 e6 20. Nxd5 exd5 21. Bf4 Be5 22. Qd2 Bxf4 23. Qxf4 Nb6 24. Qxd6 Rfd8 25. Qf6 Qa7 26. a4 d4 27. Rbc1 Qa5 28. e3 Qb4 29. exd4 cxd4 30. Rxc8 Rxc8 31. a5 Qxa5 32. Qxd4 Qb5 33. Rb1 Rb8 34. b4 Qf5 35. Be4 Qb5 36. Rc1 Na4 37. Rc7 1-0

[Event "Budapest Spring op"]
[Site "Budapest"]
[Date "2018.04.22"]
[Round "5"]
[White "Bryzgalin, Kirill"]
[Black "Popovics, Adam"]
[Result "1/2-1/2"]
[WhiteElo "2440"]
[BlackElo "2380"]
[PlyCount "92"]
[EventDate "2018.04.18"]
[EventType "swiss"]
[EventRounds "9"]
[EventCountry "HUN"]
[SourceTitle "CBM 184 Extra"]
[Source "ChessBase"]
[SourceDate "2018.06.28"]
[SourceVersion "1"]
[SourceVersionDate "2018.06.28"]
[SourceQuality "1"]

1. Nf3 Nf6 2. d4 g6 3. e3 Bg7 4. b4 d6 5. Bb2 e5 6. dxe5 Nfd7 7. c4 Nc6 8. Nc3 Ndxe5 9. Nxe5 Nxe5 10. Be2 a5 11. b5 Be6 12. Nd5 c6 13. Nf4 0-0 14. Nxe6 fxe6 15. 0-0 cxb5 16. cxb5 d5 17. Rc1 Nf3+ 18. Bxf3 Bxb2 19. Rc2 Be5 20. Bg4 Qd6 21. g3 Rac8 22. Qc1 Qd7 23. Rd1 Rxc2 24. Qxc2 Qf7 25. Rd2 Re8 26. e4 Bg7 27. Re2 e5 28. exd5 Qxd5 29. Rd2 Qf7 30. Rd7 Qf6 31. Rxb7 e4 32. Qc6 Qe5 33. Bd7 Rf8 34. Qe6+ Kh8 35. Qxe5 Bxe5 36. Be6 Rf6 37. Bd5 Bd4 38. Rf7 Bxf2+ 39. Kf1 Rxf7 40. Bxf7 Bb6 41. Bd5 e3 42. Ke2 Kg7 43. a4 Kf6 44. h4 h6 45. Be4 g5 46. hxg5+ hxg5 1/2-1/2

[Event "HUN-chT 1718"]
[Site "Hungary"]
[Date "2018.02.18"]
[Round "6.7"]
[White "Lizak, Peter"]
[Black "Popovics, Adam"]
[Result "0-1"]
[WhiteElo "2471"]
[BlackElo "2378"]
[PlyCount "72"]
[EventDate "2017.11.25"]
[EventType "team-tourn"]
[EventRounds "9"]
[EventCountry "HUN"]
[SourceTitle "EXT 2019"]
[Source "ChessBase"]
[SourceDate "2018.10.10"]
[SourceVersion "1"]
[SourceVersionDate "2018.10.10"]
[SourceQuality "1"]
[WhiteTeam "Paks"]
[BlackTeam "Dunaharaszti"]
[WhiteTeamCountry "HUN"]
[BlackTeamCountry "HUN"]

1. d4 Nf6 2. Nc3 d5 3. Bf4 Bf5 4. f3 e6 5. g4 Bg6 6. h4 h6 7. e3 a6 8. h5 Bh7 9. Bd3 c5 10. Bxh7 Nxh7 11. Qd2 cxd4 12. exd4 Nd7 13. Nd1 Be7 14. Ne3 Bh4+ 15. Kf1 0-0 16. Nh3 Nb6 17. b3 Nc8 18. c4 dxc4 19. bxc4 Nd6 20. Rd1 f5 21. Rg1 Ng5 22. Nxg5 hxg5 23. Bxd6 Qxd6 24. gxf5 Qf4 25. Qe2 Rae8 26. Ng2 Qxf5 27. Nxh4 gxh4 28. h6 g5 29. Ke1 e5 30. d5 e4 31. f4 Qxf4 32. Rg4 Qf5 33. Qg2 Re5 34. Rd4 Kh7 35. Rdxe4 h3 36. Qh1 Rfe8 0-1

[Event "HUN-chT 1718"]
[Site "Hungary"]
[Date "2017.12.03"]
[Round "3.6"]
[White "Popovics, Adam"]
[Black "Korpa, Bence"]
[Result "0-1"]
[WhiteElo "2378"]
[BlackElo "2483"]
[PlyCount "76"]
[EventDate "2017.11.25"]
[EventType "team-tourn"]
[EventRounds "9"]
[EventCountry "HUN"]
[SourceTitle "EXT 2019"]
[Source "ChessBase"]
[SourceDate "2018.10.10"]
[SourceVersion "1"]
[SourceVersionDate "2018.10.10"]
[SourceQuality "1"]
[WhiteTeam "Dunaharaszti"]
[BlackTeam "DVTK"]
[WhiteTeamCountry "HUN"]
[BlackTeamCountry "HUN"]

1. Nf3 c5 2. e4 e6 3. d4 cxd4 4. Nxd4 Nc6 5. Nc3 Qc7 6. Be2 Nf6 7. 0-0 Be7 8. Kh1 0-0 9. f4 d6 10. Nxc6 bxc6 11. Bf3 Ba6 12. Be2 Bxe2 13. Qxe2 d5 14. Bd2 dxe4 15. Nxe4 Nxe4 16. Qxe4 Bf6 17. c3 Rab8 18. Rab1 Rfd8 19. Be3 Rd5 20. Qc2 Rbd8 21. Rbd1 Qa5 22. Rxd5 cxd5 23. Qb3 g6 24. Kg1 Qa6 25. Rd1 Rc8 26. Bd4 Bg7 27. Bxg7 Kxg7 28. Rd4 Rc4 29. Rxc4 dxc4 30. Qb8 Qxa2 31. Qe5+ f6 32. Qc7+ Kh6 33. Qb8 Qb1+ 34. Kf2 Qc2+ 35. Kf1 Qd3+ 36. Kf2 Qd2+ 37. Kf1 Kh5 38. h3 Kh4 0-1

[Event "Oberliga Nord O 1718"]
[Site "Germany"]
[Date "2017.11.12"]
[Round "3.1"]
[White "Popovics, Adam"]
[Black "Kapp, Martin"]
[Result "1/2-1/2"]
[WhiteElo "2374"]
[BlackElo "2225"]
[PlyCount "40"]
[EventDate "2017.10.08"]
[EventType "team-tourn"]
[EventRounds "9"]
[EventCountry "GER"]
[SourceTitle "EXT 2019"]
[Source "ChessBase"]
[SourceDate "2018.10.10"]
[SourceVersion "1"]
[SourceVersionDate "2018.10.10"]
[SourceQuality "1"]
[WhiteTeam "Neuruppin"]
[BlackTeam "Cottbus Lokomotive"]
[WhiteTeamCountry "GER"]
[BlackTeamCountry "GER"]

1. d4 Nf6 2. c4 e6 3. Nf3 b6 4. e3 Be7 5. Bd3 Bb4+ 6. Nbd2 Ne4 7. 0-0 f5 8. a3 Bd6 9. b4 c5 10. dxc5 Nxd2 11. cxd6 Nxf3+ 12. gxf3 Qf6 13. Rb1 Nc6 14. Bb2 Ne5 15. Be2 Qg5+ 16. Kh1 Ng4 17. e4 Nxh2 18. Kxh2 Qh4+ 19. Kg2 Qg5+ 20. Kh2 Qh4+ 1/2-1/2

[Event "HUN-chT 1617"]
[Site "Hungary"]
[Date "2017.04.08"]
[Round "8.6"]
[White "Korpa, Bence"]
[Black "Popovics, Adam"]
[Result "1/2-1/2"]
[WhiteElo "2474"]
[BlackElo "2391"]
[PlyCount "60"]
[EventDate "2016.10.30"]
[EventType "team-tourn"]
[EventRounds "9"]
[EventCountry "HUN"]
[SourceTitle "EXT 2018"]
[Source "ChessBase"]
[SourceDate "2017.10.13"]
[SourceVersion "1"]
[SourceVersionDate "2017.10.13"]
[SourceQuality "1"]
[WhiteTeam "DVTK"]
[BlackTeam "Dunaharaszti"]
[WhiteTeamCountry "HUN"]
[BlackTeamCountry "HUN"]

1. Nf3 c5 2. c4 Nf6 3. Nc3 Nc6 4. g3 d5 5. d4 e6 6. cxd5 Nxd5 7. Bg2 cxd4 8. Nxd4 Nxc3 9. bxc3 Nxd4 10. Qxd4 Qxd4 11. cxd4 Bb4+ 12. Bd2 Bxd2+ 13. Kxd2 Ke7 14. Rhc1 Rd8 15. Rc7+ Rd7 16. Rac1 Kd8 17. Rxd7+ Kxd7 18. g4 h6 19. f4 Rb8 20. h4 b6 21. Bc6+ Kd6 22. e4 Bd7 23. e5+ Ke7 24. Bxd7 Kxd7 25. Ke3 a5 26. f5 b5 27. d5 exd5 28. Rc5 a4 29. Rxd5+ Ke7 30. a3 b4 1/2-1/2

[Event "Budapest Spring op"]
[Site "Budapest"]
[Date "2017.03.23"]
[Round "6"]
[White "Horvath, Dominik"]
[Black "Popovics, Adam"]
[Result "1/2-1/2"]
[WhiteElo "2254"]
[BlackElo "2385"]
[PlyCount "62"]
[EventDate "2017.03.18"]
[EventType "swiss"]
[EventRounds "9"]
[EventCountry "HUN"]
[SourceTitle "CBM 177 Extra"]
[Source "ChessBase"]
[SourceDate "2017.04.27"]
[SourceVersion "1"]
[SourceVersionDate "2017.04.27"]
[SourceQuality "1"]

1. Nf3 d5 2. c4 d4 3. b4 f6 4. e3 e5 5. c5 a5 6. Qa4+ Bd7 7. b5 Bxc5 8. Bc4 Ne7 9. exd4 exd4 10. Ba3 Bxa3 11. Nxa3 Bg4 12. Nxd4 Nd7 13. Nac2 Nb6 14. Qb3 Qd6 15. 0-0 a4 16. Qc3 0-0-0 17. Rfe1 Ned5 18. Bxd5 Nxd5 19. Qg3 Qxg3 20. hxg3 Nb4 21. Re7 Nxc2 22. Nxc2 Rxd2 23. Rxg7 Bd7 24. Ne3 Bxb5 25. Rf7 Rd6 26. Nf5 Rb6 27. Rc1 Bd7 28. Ne7+ Kb8 29. Nd5 Be6 30. Nxb6 Bxf7 31. Nd7+ Kc8 1/2-1/2

[Event "Budapest Spring op"]
[Site "Budapest"]
[Date "2017.03.22"]
[Round "5"]
[White "Popovics, Adam"]
[Black "Brustkern, Juergen"]
[Result "1/2-1/2"]
[WhiteElo "2385"]
[BlackElo "2215"]
[PlyCount "74"]
[EventDate "2017.03.18"]
[EventType "swiss"]
[EventRounds "9"]
[EventCountry "HUN"]
[SourceTitle "CBM 177 Extra"]
[Source "ChessBase"]
[SourceDate "2017.04.27"]
[SourceVersion "1"]
[SourceVersionDate "2017.04.27"]
[SourceQuality "1"]

1. e4 e5 2. Nf3 Nc6 3. Bb5 a6 4. Ba4 g6 5. c3 d6 6. d4 Bd7 7. Be3 Nf6 8. 0-0 Bg7 9. dxe5 dxe5 10. Nbd2 0-0 11. Bb3 Qe7 12. h3 Nh5 13. Bd5 Nf4 14. b4 Qf6 15. a4 h6 16. Qb3 Nd8 17. b5 axb5 18. axb5 Rxa1 19. Rxa1 c6 20. bxc6 bxc6 21. Bc4 Nde6 22. Qb7 Bc8 23. Qxc6 Nxg2 24. Bb6 Nh4 25. Nxh4 Qg5+ 26. Ng2 Nf4 27. Bf1 Nxh3+ 28. Kh2 Qxd2 29. Be3 Qb2 30. Ra8 Be6 31. Rxf8+ Bxf8 32. Qe8 Qxc3 33. Bxh6 Qa3 34. f3 Qe7 35. Qb8 Ng5 36. Kg3 Nh7 37. Ne3 Qb4 1/2-1/2

[Event "Budapest Spring op"]
[Site "Budapest"]
[Date "2017.03.20"]
[Round "3"]
[White "Popovics, Adam"]
[Black "Halak, Miklos"]
[Result "1-0"]
[WhiteElo "2385"]
[BlackElo "2203"]
[PlyCount "159"]
[EventDate "2017.03.18"]
[EventType "swiss"]
[EventRounds "9"]
[EventCountry "HUN"]
[SourceTitle "CBM 177 Extra"]
[Source "ChessBase"]
[SourceDate "2017.04.27"]
[SourceVersion "1"]
[SourceVersionDate "2017.04.27"]
[SourceQuality "1"]

1. e4 g6 2. d4 Bg7 3. Nc3 d6 4. Be3 a6 5. Qd2 b5 6. h4 Nf6 7. f3 Nbd7 8. 0-0-0 Nb6 9. Bd3 b4 10. Nce2 a5 11. h5 Nxh5 12. e5 Bf8 13. g4 Ng7 14. exd6 cxd6 15. d5 Ba6 16. Bxa6 Rxa6 17. Qd3 Qc8 18. Qb5+ Nd7 19. Nh3 f6 20. Nd4 Kf7 21. Ne6 Ne5 22. Nc7 Qxc7 23. Qxa6 Nc4 24. Bh6 Ne5 25. Qe2 a4 26. f4 Nc4 27. Rd3 a3 28. b3 Nb6 29. Qe4 Qc5 30. f5 g5 31. Bxg7 Kxg7 32. Qe6 Qb5 33. Nf2 Nd7 34. Qe2 Ne5 35. Rd2 Qc5 36. Ne4 Qb6 37. Kb1 Kf7 38. Nf2 Qc5 39. Rh3 h5 40. Nd3 Qb6 41. Nxe5+ fxe5 42. Rxh5 Qc5 43. Qd3 Rxh5 44. gxh5 Bg7 45. Kc1 e4 46. Qxe4 Bb2+ 47. Kd1 Qg1+ 48. Ke2 Qh2+ 49. Kd3 Qh3+ 50. Qe3 Qxf5+ 51. Kc4 Qg4+ 52. Kb5 Qd7+ 53. Ka5 Qd8+ 54. Kxb4 Qb8+ 55. Kc4 Qc8+ 56. Kd3 Qf5+ 57. Ke2 Be5 58. Qd3 Qd7 59. Qg6+ Kf8 60. Qe6 Qb5+ 61. c4 Qb4 62. h6 Qc3 63. h7 Kg7 64. Qxe7+ Kg6 65. Qe8+ Kf5 66. h8Q Bxh8 67. Qe3 Qa1 68. Qe6+ Kf4 69. Qxd6+ Be5 70. Qf8+ Bf6 71. Qb8+ Be5 72. Qb6 Qc3 73. Qf2+ Kg4 74. Qe3 Qa1 75. d6 Bf4 76. Qf3+ Kh4 77. d7 Qe5+ 78. Kf1 Bxd2 79. d8Q Qa1+ 80. Kg2 1-0

[Event "Budapest Spring op"]
[Site "Budapest"]
[Date "2017.03.19"]
[Round "2"]
[White "Atabayev, Maksat"]
[Black "Popovics, Adam"]
[Result "1-0"]
[WhiteElo "2512"]
[BlackElo "2385"]
[PlyCount "57"]
[EventDate "2017.03.18"]
[EventType "swiss"]
[EventRounds "9"]
[EventCountry "HUN"]
[SourceTitle "CBM 177 Extra"]
[Source "ChessBase"]
[SourceDate "2017.04.27"]
[SourceVersion "1"]
[SourceVersionDate "2017.04.27"]
[SourceQuality "1"]

1. e4 c5 2. Nf3 d6 3. d4 cxd4 4. Nxd4 Nf6 5. Nc3 a6 6. Be2 e6 7. 0-0 Qc7 8. f4 Be7 9. Bf3 0-0 10. Kh1 Nc6 11. Nxc6 bxc6 12. Na4 a5 13. c4 Ba6 14. b3 d5 15. e5 Nd7 16. Qc2 Nb6 17. cxd5 Nxd5 18. Rd1 Nb4 19. Qf2 Nd3 20. Qg1 Rab8 21. Be3 Rfd8 22. Nc5 Nxc5 23. Bxc5 Bb5 24. Rxd8+ Qxd8 25. Rd1 Qe8 26. Bd6 Bxd6 27. exd6 a4 28. d7 Qd8 29. Qa7 1-0